Lectures on Riemann surfaces /

Guardado en:
Autor Principal: Gunning, R. C. 1931-
Formato: Libro
Idioma:English
Publicado: Princeton, N.J. : Princeton University Press, 1966.
Series:Mathematical notes (Princeton University Press) ; 2
Materias:
Etiquetas: Agregar Etiqueta
Sin Etiquetas, Sea el primero en etiquetar este registro!
LEADER 00690cam a22002051a 4500
001 MAT.inmabb002990
008 750320s1966####nju###########001#0#eng##
005 20130308094553.0
245 1 0 |a Lectures on Riemann surfaces /  |c by R. C. Gunning. 
260 |a Princeton, N.J. :  |b Princeton University Press,  |c 1966. 
300 |a iv, 256 p. ;  |c 24 cm. 
490 1 |a Mathematical notes ;  |v 2 
510 4 |a MR,  |c 34 #7789 
100 1 |a Gunning, R. C.  |q (Robert Clifford),  |d 1931- 
830 0 |a Mathematical notes (Princeton University Press) ;  |v 2 
650 0 |a Riemann surfaces. 
084 |a 30Fxx  |2 msc2000 
010 |a  67011032  
040 |a DLC  |c OTU  |d NBrockU  |d DLC 
859 |h 30  |i G976  |p A-4908  |b BIB. MATEMATICA